Statistics for Countries Without M-A-L-I

Click here to take the quiz!

General Stats

  • This quiz has been taken 13 times
    (11 since last reset)
  • The average score is 4 of 8

Answer Stats

Answer% Correct
Egypt
89%
Greece
67%
Togo
67%
Sweden
56%
Cyprus
44%
Kosovo
44%
Peru
33%
Turkey
33%

Score Distribution

Percentile by Number Answered

Percent of People with Each Score

Your Score History

You have not taken this quiz since the last reset